000 00762nam a2200229Ii 4500
003 JO-AjNU
008 230605s9999||||xx |||||||||||||| ||und||
017 _a1999/6/1066
020 _a9957-07-055-X
040 _aJO-AjNU
_bara
_erda
_cJO-AjNU
041 _aara
050 1 4 _aZ665.R3388 2001
100 3 _aعليان، ربحي مصطفى/م مشارك امين النجداوي,
_eauthor
_942531
245 0 0 _aمقدمة في علم المكتبات والمعلومات
250 _aط2
264 3 1 _aعمان: الفكر للنشر ،2001
300 _a373ص
336 _atext
_btxt
_2rdacontent
337 _aunmediated
_bn
_2rdamedia
338 _avolume
_bnc
_2rdacarrier
650 4 _aالمعارف العامة-علم المكتبات
_942532
999 _aA18218
_c21786
_d21786